Evaluation of training
| Main Author: | |
|---|---|
| Format: | Book |
| Published: |
P.Jaya :
Pelanduk Pub> ,
1994
|
| Subjects: |
MARC
| LEADER | 00000cam a2200000 7i4500 | ||
|---|---|---|---|
| 001 | 0000006227 | ||
| 002 | 000006723 | ||
| 005 | 20000330.0 | ||
| 020 | |a 9679784835 | ||
| 090 | 0 | 0 | |a 658.312404 |b REE |
| 100 | 1 | |a Reeves, Martha | |
| 245 | 1 | 0 | |a Evaluation of training |c Martha Reeves |
| 260 | |a P.Jaya : |b Pelanduk Pub> , |c 1994 | ||
| 300 | |a 112p. ; |c 21cm. | ||
| 650 | 0 | 0 | |a Employees |x Training |x Evaluation |
| 999 | |a 038958 |b BUKU |c PINJAMAN |e PERPUSTAKAAN KOMUNITI PETALING JAYA | ||
| 999 | |a 042608 |b BUKU |c PINJAMAN |e PERPUSTAKAAN KOMUNITI PETALING JAYA | ||